| 000 | 00715nam a2200241 u 4500 | ||
|---|---|---|---|
| 001 | |||
| 003 | DO-SdBNP | ||
| 005 | 20211008132357.0 | ||
| 008 | 090630s2000 dr r 000 f spa d | ||
| 020 | _z945100009 | ||
| 040 |
_aDO-SdBNP _bspa _cBPMSU |
||
| 082 |
_aRD863.44 _bM433a 2004 _222 |
||
| 100 | 1 |
_aMatos Moquete, Manuel, _d1944- |
|
| 245 | 1 | 4 |
_aLos amantes de abril / _cManuel Matos Moquete. |
| 260 |
_aSanto Domingo : _bSoto Castillo, _c2004 |
||
| 300 |
_a148 p. ; _c22 cm. |
||
| 500 | _aIncluye datos biográficos del autor en la solapa de la cubierta. | ||
| 590 | _aInventariado, 2021/VM | ||
| 650 | 4 | _aNovela dominicana | |
| 650 | 4 | _aLiteratura dominicana. | |
| 910 | _a VMateo V. | ||
| 942 |
_2ddc _cBK |
||
| 999 |
_c13776 _d13776 |
||